000 00411nam a2200181Ia 4500
001 8430
005 20260306160608.0
008 260306t2017||||xx |||||||||||||| ||spa||
041 _aESP
082 _a371
_bN84
100 _aNot, Louis
_eAUT
245 0 _aPedagogĂ­as del conocimiento
260 _c2017
300 _a495 páginas :
_c23 cm.
650 _aGEN
654 _aCED
942 _cLIB
_dJUS
_fJUS
_2ddc
_n
999 _c8430
_d8430